[Event "BL 2016-17"]
[Site "Germany"]
[Date "2017.04.08"]
[Round "11"]
[White "Belezky, Alexander"]
[Black "Moiseenko, Alexander"]
[Result "0-1"]
[WhiteElo "2397"]
[BlackElo "2670"]
[Annotator "TA"]
[PlyCount "80"]
[EventDate "2017.??.??"]
[EventType "team-tourn"]
[EventCountry "GER"]
[SourceTitle "playchess.com"]
[Source "ChessBase"]
[SourceQuality "1"]
[WhiteTeam "Bayern München"]
[BlackTeam "Hockenheim"]

{[%evp 15,80,-18,-12,-7,-15,-23,-18,-64,-18,-52,-31,-55,-25,-22,-32,-26,-26,-33,-24,-93,-86,-93,-78,-92,-85,-87,-77,-104,-100,-116,-96,-95,-85,-137,-136,-148,-134,-143,-59,-53,-51,-109,-103,-106,-117,-118,-107,-95,-17,-22,-15,-422,-408,-356,-330,-493,-482,-809,-1069,-5081,-963,-5630,-5727,-29977,-29978,-5732,-5632]} 1. Nf3 c5 2. g3 Nc6 3. Bg2 g6 4. c4 Bg7 5. O-O d6 6. Nc3 e5 7. Ne1 Be6 8. Nd5 Nge7 9. Nc2 {A37: Symmetrical English vs ...g6: 4 Bg2 Bg7 5 Nf3} O-O 10. a3 (10. Rb1 Rb8 11. d3 b5 12. Bg5 f6 13. Bd2 f5 14. b3 h6 15. e3 Qd7 16. Qe2 Bf7 17. e4 bxc4 18. bxc4 Nxd5 19. cxd5 Nd4 20. Nxd4 exd4 21. exf5 Qxf5 22. Be4 {½-½ (22) Socko,B (2629)-Khenkin,I (2669) Leiden 2012}) 10... Qd7 11. Nce3 {The position is equal.} Bh3 $146 (11... f5 12. f4 Rab8 13. Qa4 b5 14. cxb5 Nd4 15. Nxe7+ Qxe7 16. Qd1 e4 17. d3 {0-1 (38) Guliashvili,L (2008)-Samdanova,S (1842) Prokopevsk 2012}) 12. Qa4 Nxd5 13. Nxd5 Nd4 14. Qd1 Bxg2 15. Kxg2 f5 16. e3 Ne6 $36 {[%mdl 2048] White is under pressure.} 17. f4 (17. d3 $11) 17... Nc7 $17 18. Nxc7 Qxc7 19. Rb1 Qc6+ 20. Kg1 d5 21. cxd5 Qxd5 22. fxe5 Qd3 23. Ra1 Bxe5 24. Qf3 (24. a4 $142) 24... Rf7 25. a4 Rd8 26. Ra3 Qe4 (26... Qc4 $17 27. b3 Qc2) 27. Qxe4 $15 fxe4 28. Rxf7 (28. Rb3 $15) 28... Kxf7 {[%mdl 4096] Endgame KRB-KRB} 29. Rb3 b6 {[#]} 30. a5 $1 {[%mdl 512]} Rd6 (30... bxa5 31. Rb7+) 31. Kf2 g5 ({Better is} 31... Ke6 $17 32. Ke2 Rc6 33. axb6 axb6) 32. axb6 $11 axb6 33. Ra3 $2 {[%mdl 8192] [#]} (33. Rb5 $1 $11 {and White has nothing to worry.}) 33... Bxb2 $1 $19 {[%mdl 512]} 34. Bxb2 {Hoping for Ra7+.} Rxd2+ 35. Kg1 (35. Ke1 $142 Rxb2 36. h4) 35... Rxb2 {KR-KR} 36. Ra4 (36. Ra7+ $142 Kg6 37. h3) 36... b5 {[%cal Bb6b5,Bb5b4,Bb4b3][%mdl 32]} 37. Rxe4 Rc2 (37... c4 $142 38. Re5 c3) 38. Re5 b4 39. Rxg5 b3 40. Rf5+ Ke6 0-1

[Event "BL 2016-17"]
[Site "Jenbach"]
[Date "2017.04.22"]
[Round "11"]
[White "Eisenbeiser, Amadeus"]
[Black "Maksimenko, Andrei"]
[Result "0-1"]
[WhiteElo "2393"]
[BlackElo "2481"]
[Annotator "TA"]
[PlyCount "84"]
[EventDate "2017.??.??"]
[EventCountry "AUT"]
[SourceTitle "playchess.com"]
[Source "ChessBase"]
[SourceQuality "1"]
[WhiteTeam "Götzis"]
[BlackTeam "Wulkaprodersdorf"]

{[%evp 19,84,0,0,0,3,-12,24,-5,-2,-12,-12,-33,-17,-26,0,0,0,0,-6,-20,-13,-40,-39,-39,-31,-29,0,-25,0,-43,0,-12,-18,-17,-22,-14,-18,-64,-60,-96,-39,-27,-45,-59,29,19,35,34,31,-25,-9,-61,-61,-166,-159,-347,-335,-331,-339,-337,-335,-384,-303,-600,-576,-1008,-1008]} 1. e4 c5 2. Nf3 d6 3. d4 Nf6 4. Nc3 cxd4 5. Nxd4 e6 6. g3 a6 7. Bg2 Bd7 8. O-O Nc6 9. b3 Be7 10. Bb2 Rc8 {LiveBook: 12 Games. B80: Sicilian Scheveningen: 6 g3 and 6 Be3, including English Attack} (10... O-O 11. Qd2 Rc8 12. Rad1 Qc7 13. Rfe1 Rfd8 14. Qe2 Nxd4 15. Rxd4 b5 16. a3 Qc5 17. Red1 e5 18. R4d3 a5 {1-0 (57) Malakhov,V (2721)-Li,S (2514) China 2010}) 11. Nde2 b5 12. Qd2 O-O {The position is equal.} 13. a3 $146 (13. Nd1 Qb6 14. Ne3 Rfd8 15. h3 Be8 16. Rad1 Ne5 17. f4 Ned7 18. Bd4 {½-½ (63) Minasian,A (2540)-Kotsur,P (2505) Yerevan 1996}) 13... Qb6 14. h3 Rfd8 15. Kh2 Be8 16. f4 {[%cal Bf2f4,Bf4f5][%mdl 32]} h6 17. f5 Bd7 18. Nf4 Ne5 19. Kh1 Qb8 20. g4 Qc7 21. Rac1 Qb7 22. Rcd1 Qc7 23. Qe3 Qc5 24. Qd2 Qc7 25. Qe2 Re8 26. Rd2 Bf8 27. Qf2 Bc6 28. Nd3 Qb7 29. Qf4 Nxd3 (29... a5 $17 {White must now prevent ...b4.} 30. fxe6 (30. Nxe5 $2 dxe5 31. Qe3 b4 32. axb4 axb4 $19) 30... fxe6) 30. cxd3 $15 e5 31. Qf3 Rcd8 (31... b4 $15 32. axb4 Qxb4) 32. Nd5 $11 Bxd5 33. exd5 e4 34. Qe3 (34. dxe4 $14 Nxe4 35. Rc2) 34... Nxd5 35. Qd4 (35. Qg3 $11 b4 36. dxe4 bxa3 37. Bxg7 (37. exd5 axb2 38. f6 gxf6 $15) (37. Bxa3 Nf6 $11) 37... Bxg7 38. Rxd5) 35... Nf6 $15 36. dxe4 (36. Qe3 $1 $15) 36... Nxe4 $19 37. Rf4 $2 {[#]} (37. f6 $17 {might work better.} g6 38. Rfd1 (38. Re1 $2 d5 39. Ra1 Ng3+ 40. Kg1 Ne2+ 41. Rxe2 Rxe2 $19)) 37... d5 38. Rd3 Qc7 39. Rff3 Qc2 40. Rd1 Qe2 41. Rf4 $2 {[#]} (41. Bc3) 41... Rc8 42. Bxe4 Rxe4 0-1

[Event "BL 2016-17"]
[Site "Germany"]
[Date "2017.04.08"]
[Round "11"]
[White "Muse, Mladen"]
[Black "Naiditsch, Arkadij"]
[Result "0-1"]
[WhiteElo "2391"]
[BlackElo "2702"]
[Annotator "TA"]
[PlyCount "46"]
[EventDate "2017.??.??"]
[EventType "team-tourn"]
[EventCountry "GER"]
[SourceTitle "playchess.com"]
[Source "ChessBase"]
[SourceQuality "1"]
[WhiteTeam "König Tegel"]
[BlackTeam "Baden-Baden"]

{[%evp 4,46,31,0,-1,-3,-6,-32,-29,-62,-55,-59,-54,-60,-60,-62,-69,-71,-55,-64,-69,-80,-49,-56,-47,-53,-49,-60,-55,-64,-59,-57,-53,-88,33,-48,-58,-23,-18,-74,-83,-168,-170,-420,-424]} 1. Nf3 Nf6 2. g3 g6 3. b3 d5 {[%cal Bd7d5,Bd5d4][%mdl 32] A05: Réti Opening: 1 Nf3 Nf6} (3... Bg7 4. Bb2 O-O 5. Bg2 a5 6. O-O a4 7. c4 d6 8. d4 Nbd7 9. Nc3 Nb6 10. Qc2 d5 11. c5 a3 12. Bxa3 Rxa3 13. cxb6 cxb6 {0-1 (66) Carlsen,M (2838)-Jobava,B (2701) chess.com INT 2017}) 4. Bb2 c5 5. Bxf6 exf6 {Black is slightly better.} 6. c4 $146 (6. d4 Nc6 7. Bg2 cxd4 8. Nxd4 Bc5 9. e3 Bxd4 10. exd4 Qe7+ 11. Kf1 {0-1 (57) Ider,B (2463)-Naiditsch,A (2702) Caleta 2017}) 6... d4 7. Bg2 Nc6 8. O-O Bg7 9. Ne1 h5 {[%cal Bh7h5,Bh5h4][%mdl 32]} 10. Nd3 h4 11. Na3 Kf8 12. Nc2 Qd6 13. b4 cxb4 14. c5 Qe7 15. Ncxb4 Nxb4 16. Nxb4 hxg3 17. fxg3 Qxc5 18. Nd5 Bg4 (18... f5 $17 19. Rb1 (19. Rc1 Qa5 $15) 19... Qd6) 19. Rc1 (19. Qb3 $1 $14) 19... Qd6 $15 {Hoping for ...d3!} 20. Qb3 Rb8 $36 {[%mdl 2048] Black has the initiative.} ({Don't capture} 20... Bxe2 $2 21. Qxb7 Kg8 22. Qxa8+ $18) 21. Rc7 (21. Nf4 $11) 21... Be6 $17 22. Rxb7 (22. Qb4 $17 Qxb4 23. Nxb4) 22... Rd8 $19 23. Rb5 $2 {[#]} (23. Rxa7 d3 24. e3 Bxd5 25. Qxd5 Qxd5 26. Bxd5 Rxd5 27. Rc1) 23... Rh5 0-1

[Event "BL 2016-17"]
[Site "Germany"]
[Date "2017.04.08"]
[Round "11"]
[White "Zeller, Frank"]
[Black "Kollars, Dmitrij"]
[Result "0-1"]
[WhiteElo "2390"]
[BlackElo "2500"]
[Annotator "TA"]
[PlyCount "58"]
[EventDate "2017.??.??"]
[EventType "team-tourn"]
[EventCountry "GER"]
[SourceTitle "playchess.com"]
[Source "ChessBase"]
[SourceQuality "1"]
[WhiteTeam "Schwäbisch Hall"]
[BlackTeam "Hamburger SK"]

{[%evp 7,58,22,33,-2,4,8,6,-11,2,0,11,-51,-38,-29,0,0,12,0,29,-62,-56,-64,-51,-95,-5,-7,-20,-301,-294,-301,-298,-278,-263,-259,-236,-236,-234,-322,-311,-406,-271,-415,-442,-581,-565,-541,-556,-562,-562,-600,-529,-1941,-1856]} 1. Nf3 d5 2. c4 d4 3. b4 {A09: Réti Opening: 1 Nf3 d5 2 c4} g5 (3... c5 4. e3 dxe3 5. fxe3 cxb4 6. d4 Nf6 7. Bd3 g6 8. a3 bxa3 9. O-O Bg7 10. Bxa3 O-O 11. Nc3 Nc6 12. h3 b6 13. Qe2 Bb7 14. Rac1 {1-0 (30) Mareco,S (2664)-Nakamura,H (2793) chess.com INT 2017}) 4. h3 h6 {LiveBook: 4 Games} 5. d3 {White is slightly better.} Bg7 6. Nbd2 e5 7. g4 $146 (7. g3 Ne7 8. Bg2 Be6 9. a4 Nd7 10. Ba3 f5 {0-1 (34) Kozak,A (2365)-Englert,F (2374) Budapest 2016}) 7... Ne7 8. Ne4 Ng6 9. h4 (9. Rb1 $11) 9... gxh4 $15 10. Bh3 Nc6 11. Qa4 O-O 12. Rb1 Nce7 13. b5 (13. g5 $11 Bxh3 14. Rxh3 hxg5 15. Bxg5) 13... a6 $1 14. b6 cxb6 15. Qa3 {[#]} Be6 (15... b5 $1 $17 {[%mdl 512] White should prevent ...Qc7.} 16. Nd6 (16. cxb5 Nd5) 16... bxc4 17. dxc4 Rb8) 16. g5 Bxh3 17. Nf6+ $2 {[%mdl 8192]} (17. Rxh3 $11 {and White stays safe.} hxg5 18. Bxg5) 17... Bxf6 $19 18. gxf6 Nf5 {aiming for ...Bg2.} 19. Rxh3 Qxf6 20. Qb3 {[#]} b5 $1 {[%mdl 512]} 21. cxb5 axb5 22. a3 Rfe8 23. Nd2 Nd6 (23... Nf4 $2 24. Ne4 Qg6 25. Bxf4 exf4 26. Rh1 $19) 24. Qd5 (24. Ne4 $142 Nxe4 25. dxe4) 24... Rac8 ({Don't play} 24... Nf4 25. Qf3 $19) 25. Ne4 {Black is clearly winning.} Nxe4 26. dxe4 Nf4 27. Bxf4 Qxf4 28. Rd1 {If only White now had time for Rf3....} Rc3 29. Rh1 Rec8 0-1

[Event "BL 2016-17"]
[Site "Germany"]
[Date "2017.04.08"]
[Round "11"]
[White "Fruebing, Stefan"]
[Black "Meier, Georg"]
[Result "0-1"]
[WhiteElo "2387"]
[BlackElo "2630"]
[Annotator "TA"]
[PlyCount "112"]
[EventDate "2017.??.??"]
[EventType "team-tourn"]
[EventCountry "GER"]
[SourceTitle "playchess.com"]
[Source "ChessBase"]
[SourceQuality "1"]
[WhiteTeam "König Tegel"]
[BlackTeam "Baden-Baden"]

{[%evp 15,112,16,10,11,11,10,10,0,27,20,11,18,33,-90,-77,-94,10,10,133,-12,0,-98,-85,-83,-36,-33,-29,-29,-24,-27,-17,-22,-35,-35,0,-37,-7,-62,-53,-150,-153,-141,-65,-97,-81,-126,-126,-130,-129,-129,-127,-131,-133,-141,-132,-141,-128,-141,-124,-140,-128,-128,-128,-141,-141,-156,-156,-169,-160,-233,-175,-160,-167,-178,-166,-183,-156,-198,-194,-186,-198,-461,-379,-1189,-1058,-5293,-5514,-1060,-804,-635,-635,-628,-613,-29984,-29982,-29978,-29952,-29988,-29989]} 1. e4 e6 2. d4 d5 3. Nd2 c5 4. exd5 Qxd5 5. Ngf3 cxd4 6. Bc4 Qd7 {C07: French Tarrasch: 3...c5, 4 Ngf3 and 4 exd5 Qxd5} 7. O-O Nc6 8. Nb3 Nf6 {LiveBook: 167 Games. The position is equal.} 9. Nbxd4 Nxd4 10. Nxd4 a6 11. Re1 b5 12. Bb3 Bb7 13. Bg5 {[%cal Rd4e6]} Ne4 14. Bh4 (14. Bf4 $14 {keeps the upper hand.}) 14... g5 $146 {[%mdl 2048] Black is in control.} 15. Bg3 Bg7 (15... Nxg3 $17 16. hxg3 O-O-O) 16. c3 $11 h5 {[#]} (16... Nxg3 $2 17. Nxe6 (17. fxg3 O-O $11) (17. hxg3 O-O-O $14) 17... Qxd1 18. Raxd1 $18) (16... O-O $11 {remains equal.}) 17. f3 (17. Qc2 $1 $16 {Rad1 is the strong threat.} h4 18. Rxe4 (18. Nxe6 hxg3 19. Nxg5 O-O-O 20. Rxe4 Bxe4 21. Qxe4 gxf2+ 22. Kf1 Qd3+ 23. Qxd3 Rxd3 $11) 18... hxg3 19. hxg3 Bxe4 20. Qxe4) 17... h4 (17... Nxg3 $2 18. Nxe6 Qxd1 19. Nxg7+ Kf8 20. Raxd1 $18 (20. Bxd1 Kxg7 21. hxg3 Rhe8 $16) (20. Rexd1 Bc8 $18)) 18. Bxh4 (18. Nxe6 $1 $11 fxe6 19. Qxd7+ Kxd7 20. Rad1+ Ke8 21. Bf2 Nxf2 22. Rxe6+ Kf8 23. Kxf2) 18... Rxh4 $17 19. fxe4 Rxe4 20. Rxe4 Bxe4 21. Qd2 Rd8 {[%cal Rg7d4]} 22. Rd1 Qe7 {aiming for ...e5.} 23. Qe2 Bb7 24. Qh5 Be4 25. Qe2 Bd5 26. Bxd5 ({White should play} 26. Nf5 $11 Bxb3 27. Rxd8+ (27. Nxg7+ Kf8 28. Rxd8+ Qxd8 29. axb3 Kxg7 $11) 27... Qxd8 28. Nxg7+ Kf8 29. axb3 Kxg7 30. Qe5+ Kg6 31. Qe4+ Kh6 32. Qe2) 26... Rxd5 $15 27. a4 ({Better is} 27. a3 $15) 27... Qc5 $17 {[%cal Rg7d4]} ({Much less strong is} 27... bxa4 28. Qxa6 Bxd4+ 29. cxd4 $15 (29. Rxd4 Rxd4 30. cxd4 Qb4 31. Qc8+ Ke7 32. Qc7+ Kf6 33. Qe5+ Kg6 34. Qe4+ Kg7 35. Qe5+ f6 36. Qxe6 Qxd4+ 37. Kf1 Kf8 $11)) 28. axb5 axb5 (28... Bxd4+ $17 29. cxd4 Rxd4 30. Rxd4 Qxd4+ 31. Kh1 Qa4) 29. Kh1 {[#]} b4 $1 30. h3 bxc3 31. bxc3 Qxc3 ({But not} 31... Bxd4 32. cxd4 Rxd4 33. Rxd4 Qxd4 34. Qb5+ Ke7 35. Qxg5+ f6 36. Qg7+ Kd8 37. Kh2 $11) 32. Nf3 Rxd1+ 33. Qxd1 Bf6 34. Qa4+ Kf8 35. Qe4 Qc5 36. Kh2 Be7 37. Qe2 Bd6+ 38. g3 Ke7 39. Qd2 f6 40. Qe2 Bc7 41. Kg2 Bb6 42. Qd2 (42. g4 $17) 42... Qc4 43. Qb2 Be3 44. Qb7+ Kf8 {And now ...Qe2+ would win.} 45. Qb8+ Kg7 {( -> ...Qe2+)} 46. Qb7+ Kh6 47. Qb2 e5 {[%cal Be6e5,Be5e4][%mdl 32]} 48. g4 $2 (48. Ne1) 48... Kg6 49. Ne1 $2 (49. Qb1+ e4 50. Ng1) 49... Qd5+ $19 50. Nf3 e4 51. Qc2 Kg7 52. Ne1 Bb6 53. Qe2 Qd4 {[%csl Gb6][%cal Rd4g1]} 54. Qf1 Qd2+ {Black mates.} 55. Kh1 Bc7 {[%csl Gc7][%cal Rd2h2]} 56. Ng2 Qd6 0-1

[Event "BL 2016-17"]
[Site "Jenbach"]
[Date "2017.04.22"]
[Round "11"]
[White "Lehner, Oliver"]
[Black "Tober, Gerhard"]
[Result "1-0"]
[WhiteElo "2386"]
[BlackElo "2260"]
[Annotator "NA"]
[PlyCount "89"]
[EventDate "2017.??.??"]
[EventCountry "AUT"]
[SourceTitle "playchess.com"]
[Source "ChessBase"]
[SourceQuality "1"]
[WhiteTeam "Jenbach"]
[BlackTeam "St. Valentin"]
[TimeControl "40/5400+30:1800+30"]

1. d4 {[%emt 0:00:00]} d5 {[%emt 0:00:14]} 2. c4 {[%emt 0:00:00]} e6 {[%emt 0:00:29]} 3. Nf3 {[%emt 0:00:00]} Nf6 {[%emt 0:00:35]} 4. g3 {[%emt 0:00:02]} Be7 {[%emt 0:00:28]} 5. Bg2 {[%emt 0:00:11]} O-O {[%emt 0:00:22]} 6. O-O {[%emt 0:00:16]} dxc4 {[%emt 0:00:13]} 7. Qc2 {[%emt 0:00:13]} a6 {[%emt 0:01:38]} 8. a4 {[%emt 0:00:57]} Nbd7 {[%emt 0:04:43]} 9. Nbd2 {[%emt 0:03:43]} c3 {[%emt 0:15:30] LiveBook: 3 Games E05: Open Catalan: 5 Nf3 Be7} 10. bxc3 {[%emt 0:02:16]} Rb8 $146 {[%emt 0:09:36]} (10... c5 11. Nc4 a5 12. Rd1 cxd4 13. Nxd4 Bc5 14. Rb1 Qc7 15. Qb3 Ra6 16. Nb5 Qb8 17. Ba3 {1-0 (49) Gonzalez Zamora,J (2502)-Gil Alba,H (2361) Villahermosa 2016}) 11. Nc4 {[%emt 0:13:25]} b5 {[%emt 0:08:41]} (11... b6 $16) 12. Na5 {[%emt 0:02:16]} Rb6 {[%emt 0:07:20]} 13. Ne5 {[%emt 0:06:20]} Nxe5 {[%emt 0:12:55]} 14. dxe5 {[%emt 0:00:11]} Nd7 {[%emt 0:00:59]} 15. Nc6 {[%emt 0:04:11]} Rxc6 {[%emt 0:10:29]} 16. Bxc6 {[%emt 0:00:16]} Nxe5 {[%emt 0:00:14]} 17. Bg2 {[%emt 0:04:20]} ({Better is} 17. axb5 $18 {Black must now prevent Rd1.} Bd6 18. Rd1) 17... Bd7 {[%emt 0:04:30]} 18. axb5 {[%emt 0:05:22]} Bxb5 {[%emt 0:00:24]} 19. Rd1 {[%emt 0:01:08]} Bd6 {[%emt 0:01:21]} 20. Ba3 {[%emt 0:06:14]} Qe7 {[%emt 0:00:53]} 21. Bxd6 {[%emt 0:00:59]} cxd6 {[%emt 0:00:05]} 22. Qd2 {[%emt 0:00:09]} d5 {[%emt 0:07:08]} 23. e4 {[%emt 0:05:09]} dxe4 {[%emt 0:01:15]} 24. Bxe4 {[%emt 0:00:07]} Qf6 {[%emt 0:00:34]} 25. f4 {[%emt 0:07:20]} Nc4 {[%emt 0:00:57]} 26. Qd4 {[%emt 0:00:56]} e5 {[%emt 0:00:27] [#]} 27. fxe5 $1 {[%emt 0:00:16]} ({Don't play} 27. Qc5 $6 exf4 28. gxf4 (28. Bxh7+ $2 Kxh7 29. Qd4 fxg3 30. Qxf6 gxh2+ 31. Kxh2 gxf6 $19) 28... Qxf4 $11) 27... Nxe5 {[%emt 0:00:31]} 28. Qf2 {[%emt 0:00:45]} Qh6 {[%emt 0:03:07]} 29. Rd5 {[%emt 0:04:24]} Ng4 {[%emt 0:02:22]} 30. Qd2 {[%emt 0:02:52]} Qb6+ {[%emt 0:01:04]} 31. Qd4 {[%emt 0:00:13]} Qh6 {[%emt 0:00:38] [#]} 32. h4 $1 {[%emt 0:02:05]} ({Not} 32. Bxh7+ Kxh7 33. Qxg4 Qe3+ 34. Kg2 Bc6 $15) 32... Qe3+ {[%emt 0:01:43]} 33. Qxe3 {[%emt 0:00:47]} Nxe3 {[%emt 0:00:01]} 34. Rc5 {[%emt 0:03:54]} f5 {[%emt 0:01:30]} 35. Bc6 {[%emt 0:02:40]} Bd3 {[%emt 0:01:27]} 36. Re1 {[%emt 0:00:51]} Ng4 {[%emt 0:01:34]} 37. Re8 {[%emt 0:02:44]} Rxe8 {[%emt 0:00:20]} 38. Bxe8 {[%emt 0:00:06]} Kf8 {[%emt 0:00:57]} 39. Bd7 {[%emt 0:01:24]} g6 {[%emt 0:00:55]} 40. Be6 {[%emt 0:00:00]} Ne3 {[%emt 0:01:22]} 41. Rc7 $18 {[%emt 0:01:14]} h5 {[%emt 0:03:43]} 42. Kf2 {[%emt 0:02:43]} Ng4+ {[%emt 0:05:24]} 43. Kf3 {[%emt 0:00:14]} Ke8 {[%emt 0:00:51]} 44. Kf4 {[%emt 0:00:09]} Bb5 {[%emt 0:00:42]} 45. c4 1-0

[Event "BL 2016-17"]
[Site "Jenbach"]
[Date "2017.04.22"]
[Round "11"]
[White "Dobosz, Henryk"]
[Black "Hebesberger, Thomas"]
[Result "1-0"]
[WhiteElo "2385"]
[BlackElo "2299"]
[Annotator "NA"]
[PlyCount "119"]
[EventDate "2017.??.??"]
[EventCountry "AUT"]
[SourceTitle "playchess.com"]
[Source "ChessBase"]
[SourceQuality "1"]
[WhiteTeam "Bregenz"]
[BlackTeam "St. Veit"]
[TimeControl "40/5400+30:1800+30"]

1. e4 {[%emt 0:00:00]} c5 {[%emt 0:00:08]} 2. Nf3 {[%emt 0:00:00]} e6 {[%emt 0:00:56]} 3. d4 {[%emt 0:01:13]} cxd4 {[%emt 0:00:09]} 4. Nxd4 {[%emt 0:00:09]} Nc6 {[%emt 0:00:47]} 5. Nc3 {[%emt 0:02:40]} Qc7 {[%emt 0:00:12]} 6. Be3 {[%emt 0:01:41]} Nf6 {[%emt 0:00:13]} 7. a3 {[%emt 0:09:08]} a6 {[%emt 0:01:55]} 8. f4 {[%emt 0:09:11]} d6 {[%emt 0:03:06] B48: Sicilian: Taimanov: 5 Nc3 Qc7 6 Be3 a6 without Be2} 9. Bd3 {[%emt 0:06:35]} (9. Qf3 Na5 10. O-O-O b5 11. g4 Nd7 12. g5 Nc4 13. Bxc4 Qxc4 14. f5 Ne5 15. Qh3 g6 16. Rhf1 Be7 17. Bf4 {1-0 (57) Vavulin,M (2582)-Grachev,B (2628) Moscow 2016}) 9... Be7 {[%emt 0:06:30] LiveBook: 7 Games} 10. O-O {[%emt 0:01:24]} Nxd4 {[%emt 0:06:02]} 11. Bxd4 {[%emt 0:00:11]} e5 {[%emt 0:00:02]} 12. Be3 {[%emt 0:03:23]} exf4 {[%emt 0:00:30]} 13. Rxf4 {[%emt 0:11:34]} Be6 {[%emt 0:02:33]} 14. Qf3 {[%emt 0:08:01]} O-O $146 {[%emt 0:03:04]} (14... Nd7 15. Rf1 Bg5 {½-½ (56) Novita,A (2356)-Jeitz,C (2235) Khanty-Mansiysk 2010}) 15. Nd5 {[%emt 0:02:35]} Bxd5 {[%emt 0:08:40]} 16. exd5 {[%emt 0:00:12]} Rae8 {[%emt 0:13:51]} 17. Rf1 {[%emt 0:11:07]} Nd7 $2 {[%emt 0:23:02]} (17... g6 $16) 18. Rxf7 {[%emt 0:02:06]} Bf6 {[%emt 0:00:42]} 19. Rxf8+ {[%emt 0:04:04]} Nxf8 {[%emt 0:00:26]} 20. c3 {[%emt 0:02:46]} Qe7 {[%emt 0:00:57]} 21. Bf4 {[%emt 0:02:08]} Nd7 {[%emt 0:01:50]} 22. Qh3 {[%emt 0:03:07]} g6 {[%emt 0:01:36]} 23. Qe6+ {[%emt 0:00:18]} Qxe6 {[%emt 0:05:23]} 24. dxe6 {[%emt 0:00:08]} Ne5 {[%emt 0:00:19]} 25. Bxe5 {[%emt 0:06:55]} Bxe5 {[%emt 0:00:01]} 26. Rf7 {[%emt 0:00:09]} Rxe6 {[%emt 0:08:04]} 27. Rxb7 {[%emt 0:00:07]} d5 {[%emt 0:01:11]} 28. Rd7 {[%emt 0:03:28]} Bd6 {[%emt 0:00:29]} 29. Kf1 {[%emt 0:02:18]} a5 {[%emt 0:00:33]} (29... Bxh2 $16 30. Rxd5 Bg3) 30. c4 {[%emt 0:01:16]} Rf6+ {[%emt 0:02:00]} 31. Ke2 {[%emt 0:00:09]} dxc4 {[%emt 0:00:19]} 32. Bxc4+ {[%emt 0:00:05]} Kh8 {[%emt 0:00:13]} 33. Rd8+ {[%emt 0:04:14]} Kg7 {[%emt 0:00:58]} 34. Ra8 {[%emt 0:00:16]} Rf5 {[%emt 0:06:32]} 35. h3 {[%emt 0:01:45]} Bg3 {[%emt 0:00:47]} 36. Kd3 {[%emt 0:00:44]} h5 {[%emt 0:02:06]} 37. Ra7+ {[%emt 0:01:34]} Kf6 {[%emt 0:01:25]} 38. Ra6+ {[%emt 0:00:34]} Kg5 {[%emt 0:01:18]} 39. Be6 {[%emt 0:00:54]} Rb5 {[%emt 0:00:10]} 40. b3 {[%emt 0:00:00]} Be5 {[%emt 0:00:58]} (40... Bf2 $16) 41. Kc4 {[%emt 0:01:03]} Rb7 {[%emt 0:03:07]} 42. Rxa5 {[%emt 0:00:13]} Kf6 {[%emt 0:00:41]} 43. Ra6 {[%emt 0:00:52]} Rc7+ {[%emt 0:00:26]} 44. Kd5 {[%emt 0:00:35]} Bg3 {[%emt 0:00:08]} 45. Bg4+ {[%emt 0:02:18]} Kg5 {[%emt 0:00:56]} 46. Bf3 {[%emt 0:00:14]} Rc3 {[%emt 0:01:10]} 47. b4 {[%emt 0:00:29]} h4 {[%emt 0:00:40]} 48. Be4 {[%emt 0:01:12]} Kf4 {[%emt 0:01:45]} 49. Rf6+ {[%emt 0:01:34]} Ke3 {[%emt 0:02:06]} 50. Rf3+ {[%emt 0:07:07]} ({Don't take} 50. Bxg6 Rc7 51. a4 Ke2 $18) 50... Kd2 {[%emt 0:00:19]} 51. Rxc3 {[%emt 0:00:28]} Kxc3 {[%emt 0:00:01]} 52. Bxg6 {[%emt 0:00:22]} Kb3 {[%emt 0:00:28]} 53. b5 {[%emt 0:00:06]} Ka4 {[%emt 0:00:38]} 54. Kc6 {[%emt 0:00:15]} Ka5 {[%emt 0:00:16]} 55. b6 {[%emt 0:00:20]} Bf4 {[%emt 0:01:44]} 56. Bd3 {[%emt 0:00:38]} Be5 {[%emt 0:01:51]} 57. b7 {[%emt 0:00:39]} Bg3 {[%emt 0:00:28]} 58. Kd7 {[%emt 0:00:31]} Kb6 {[%emt 0:00:11]} 59. Kc8 {[%emt 0:00:02]} Ka7 {[%emt 0:00:09]} 60. Be4 {[%emt 0:00:05]} 1-0